000 00983nas a2200325 4500
001 BR0904711
003 BR-BrBNA
005 20231205113527.0
007 ta
008 230509b bl.|||p| |||| 00| 00por d
040 _aBR-BrBNA
_bpor
_cBiblioteca Nacional de Agricultura
041 _a(Pt)
072 _aL02; M12
100 1 _aBomfim, M.A.D.
100 1 _aLanna, E.A.T.
100 1 _aDonzele, J.L.
100 1 _aQuadros, M.
100 1 _aRibeiro, F.B.
100 1 _aAraújo, W.A.G. de
245 1 _aExigência de treonina, com base no conceito de proteína ideal, de alevinos de tilápia-do-nilo
650 _aTILÁPIA NILÓTICA
650 _aPEIXE DE ÁGUA DOCE
650 _aPROTEÍNA
650 _aNUTRIÇÃO ANIMAL
650 _aALEVINO
650 _aAMINOÁCIDO
773 0 _tRevista Brasileira de Zootecnia (Brazil)
_xISSN 1516-3598
_g(Dec 2008), v. 37(12) p. 2077-2084
_wBR0904711
909 _a202311
_bLúcia
_c55
_dLúcia Elande
942 _2AGRIS
_n0
_cANA
999 _c204258
_d204258